Missing Word: A-Z Movies V Quiz Stats

 Plays Quiz Updated Sep 26, 2016

Challenge
Share
Tweet
Embed
Score 0/26 Timer 04:00
0 Plays Today
Movie Missing Word A-Z % Correct
____ ManagementAnger
96.1%
The ____ MileGreen
95.3%
The _____ LebowskiBig
94.1%
____ Fu Panda Kung
93.7%
____ SlickersCity
93%
The ____ Boleyn GirlOther
92.1%
The ____ for Red OctoberHunt
91.8%
____ GirlsMean
91.8%
____ LibreNacho
90.5%
____ DriverTaxi
89%
____ in TranslationLost
86.2%
____ EvilResident
85.2%
____ Origins: WolverineX-Men
83.1%
Movie Missing Word A-Z % Correct
____ and Loathing In Las VegasFear
81%
The ____ RedemptionShawshank
80.6%
____ Day AfternoonDog
79.7%
____ of the DamnedQueen
79.6%
____ BuckUncle
78.7%
____ DreddJudge
77.7%
____ SkyVanilla
75%
____ WorldWayne's
72.8%
____ and Miri Make a PornoZack
66.2%
____ of the YankeesPride
59.5%
____ BrugesIn
55.2%
____ In RevoltYouth
52.3%
____ From New YorkEscape
51.9%

Today's Daily Dose

Missing Word
Hayao Miyazaki

Word Ladder
Florida

On This Day
December 13th II

You're not logged in!

Compare scores with friends on all Sporcle quizzes.
OR
Log In

You Might Also Like...

Show Comments

Extras

Top Quizzes Today


Score Distribution

Your Account Isn't Verified!

In order to create a playlist on Sporcle, you need to verify the email address you used during registration. Go to your Sporcle Settings to finish the process.

Report this User

Report this user for behavior that violates our Community Guidelines.

Details: